02482cam a22003378i 450000100090000000300040000900500170001300800410003001000170007102000300008802000310011802000270014904000230017604200080019905000230020708200240023010000400025424501070029426300090040126400510041030000150046133600260047633700280050233800270053050400510055752012610060865000280186965000250189765000270192277601950194922342597OSt20230929161335.0211209s2022 flu b 001 0 eng  a 2021056611 a9781032014456q(hardback) a9781032015309q(paperback) z9781003178972q(ebook) aDLCbengerdacDLC apcc00aQA371b.M4725 202200a515.35015118bMIC/M1 aMickens, Ronald E.,d1943-eauthor.10aMathematical modeling with differential equations /cRonald E. Mickens, Clark Atlanta University, USA. a2205 1aBoca Raton :bChapman & Hall/CRC Press,c2022. a269 pages  atextbtxt2rdacontent aunmediatedbn2rdamedia avolumebnc2rdacarrier aIncludes bibliographical references and index. a"Mathematical Modeling with Differential Equations aims to introduce various strategies for modeling systems using differential equations. Some of these methodologies are elementary and quite direct to comprehend and apply while others are complex in nature and require thoughtful, deep contemplation. Many topics discussed in the chapter do not appear in any of the standard textbooks and this provides users an opportunity to consider a more general set of interesting systems that can be modeled. For example, the book investigates the evolution of a "toy universe," discusses why "alternate futures" exists in classical physics, constructs approximate solutions to the famous Thomas-Fermi equation using only algebra and elementary calculus, and examines the importance of "truly nonlinear" and oscillating systems. Features -- Introduces, defines, and illustrates the concept of "dynamic consistency" as the foundation of modeling -- Can be used as the basis of an upper-level undergraduate course on general procedures for mathematical modeling using differential equations -- Discusses the issue of dimensional analysis and continually demonstrates its value for both the construction and analysis of mathematical modeling"--cProvided by publisher. 0aDifferential equations. 0aMathematical models. 0aMathematical analysis.08iOnline version:aMickens, Ronald E.tMathematical modeling with differential equationsbFirest edition.dBoca Raton : CRC Press, Taylor & Francis Group, 2022z9781003178972w(DLC) 2021056612